[Event "Titled Tuesday intern op 05th Oct"]
[Site "Chess.com INT"]
[Date "2021.10.05"]
[Round "5"]
[White "Ogloblin, Nikolay"]
[Black "Itkis, Boris"]
[Result "0-1"]
[WhiteElo "2346"]
[BlackElo "2333"]
[PlyCount "138"]
[EventDate "2021.10.05"]
[EventType "swiss (blitz)"]
[EventRounds "11"]
[EventCountry "USA"]
[SourceTitle "CBM 204 Extra"]
[Source "ChessBase"]
[SourceDate "2021.11.30"]
[SourceVersion "1"]
[SourceVersionDate "2021.11.30"]
[SourceQuality "1"]

1. d4 d5 2. Nf3 Nf6 3. c4 dxc4 4. e3 Bg4 5. Bxc4 e6 6. Nbd2 a6 7. a4 Nc6 8. h3 Bh5 9. 0-0 Bd6 10. Qc2 0-0 11. e4 e5 12. d5 Ne7 13. Re1 Bxf3 14. Nxf3 Ng6 15. Bd2 Qe7 16. Rac1 Nh5 17. Bf1 Qd7 18. g3 f5 19. exf5 Qxf5 20. Qxf5 Rxf5 21. Bg2 Rf7 22. Ng5 Rf6 23. Ne4 Rf7 24. Nxd6 cxd6 25. Rc2 Raf8 26. Be3 Ne7 27. Rec1 Nf5 28. Bb6 Nf6 29. Rc8 Nd7 30. Rxf8+ Rxf8 31. Ba5 Nc5 32. Bd2 Nd4 33. Rc4 b5 34. axb5 axb5 35. Rxc5 dxc5 36. Ba5 Ra8 37. Bc7 Ra1+ 38. Kh2 Kf7 39. d6 Ke6 40. h4 g6 41. Bh3+ Nf5 42. g4 Nxh4 43. Kg3 g5 44. d7 Kxd7 45. Bxe5 Rg1+ 46. Kh2 Rb1 47. f4 Nf3+ 48. Kg3 Nxe5 49. fxe5 Ke6 50. Bg2 Rxb2 51. Be4 Kxe5 52. Bxh7 Rb3+ 53. Kf2 Kf4 54. Be4 c4 55. Bf5 Rb2+ 56. Ke1 Ke3 57. Kd1 c3 58. Kc1 b4 59. Bc2 b3 60. Bd1 c2 61. Kxb2 cxd1Q 62. Kc3 Qc2+ 63. Kb4 b2 64. Ka3 Qc3+ 65. Ka2 b1Q+ 66. Kxb1 Kd2 67. Ka2 Qb4 68. Ka1 Kc2 69. Ka2 Qa5# 0-1

[Event "Titled Tuesday intern op 05th Oct"]
[Site "Chess.com INT"]
[Date "2021.10.05"]
[Round "10"]
[White "Ogloblin, Nikolay"]
[Black "Zaitsev, Alexander"]
[Result "0-1"]
[WhiteElo "2346"]
[BlackElo "2473"]
[PlyCount "74"]
[EventDate "2021.10.05"]
[EventType "swiss (blitz)"]
[EventRounds "11"]
[EventCountry "USA"]
[SourceTitle "CBM 204 Extra"]
[Source "ChessBase"]
[SourceDate "2021.11.30"]
[SourceVersion "1"]
[SourceVersionDate "2021.11.30"]
[SourceQuality "1"]

1. d4 Nf6 2. Nf3 e6 3. c4 Bb4+ 4. Nbd2 0-0 5. g3 d5 6. Qc2 dxc4 7. Qxc4 a5 8. Bg2 b6 9. a3 Ba6 10. Qc2 Be7 11. Nc4 c5 12. dxc5 Bxc5 13. 0-0 Nbd7 14. Rd1 Rc8 15. Nfe5 Bxc4 16. Nxd7 Nxd7 17. Qd2 Nf6 18. Qe1 Qe7 19. h3 Rfd8 20. Bg5 h6 21. Bf4 e5 22. Bd2 e4 23. Bc3 e3 24. f4 Ne4 25. Be5 Nf2 26. Rxd8+ Rxd8 27. Qc3 Bxe2 28. Bxg7 Rd3 29. Qe5 Qxe5 30. Bxe5 Rd1+ 31. Rxd1 Nxd1 32. Be4 Bc4 33. b4 e2+ 34. Kh2 e1Q 35. bxc5 Qf2+ 36. Bg2 Bd5 37. h4 Qxg2# 0-1

[Event "Titled Tuesday intern op 05th Oct"]
[Site "Chess.com INT"]
[Date "2021.10.05"]
[Round "7"]
[White "Zavivaeva, Emilia"]
[Black "Ogloblin, Nikolay"]
[Result "0-1"]
[WhiteElo "1650"]
[BlackElo "2346"]
[PlyCount "82"]
[EventDate "2021.10.05"]
[EventType "swiss (blitz)"]
[EventRounds "11"]
[EventCountry "USA"]
[SourceTitle "CBM 204 Extra"]
[Source "ChessBase"]
[SourceDate "2021.11.30"]
[SourceVersion "1"]
[SourceVersionDate "2021.11.30"]
[SourceQuality "1"]

1. e4 c5 2. Nf3 e6 3. d4 cxd4 4. Nxd4 a6 5. Nc3 Qc7 6. Bd3 Nf6 7. Bd2 Nc6 8. Nxc6 dxc6 9. 0-0 e5 10. f4 Bc5+ 11. Kh1 Bg4 12. Qe1 exf4 13. Bxf4 Qd7 14. h3 Be6 15. Rd1 Rd8 16. Be2 Qe7 17. Bg5 h6 18. Bh4 g5 19. Bg3 Rxd1 20. Qxd1 Nd7 21. a3 b5 22. b4 Bb6 23. Qd2 f6 24. Bh5+ Kd8 25. e5 f5 26. Rd1 Kc8 27. Ne2 Bc7 28. Qe3 Kb7 29. Nd4 f4 30. Bxf4 gxf4 31. Qf3 Nxe5 32. Qxf4 Bd5 33. Qd2 Nc4 34. Qf2 Rf8 35. Qg1 Qe5 36. Nb3 Ne3 37. Nc5+ Ka7 38. Re1 Re8 39. Nd3 Qg3 40. Bg4 Bxg2+ 41. Qxg2 Qxg2# 0-1

[Event "Speed Chess GP1"]
[Site "Chess.com INT"]
[Date "2021.09.18"]
[Round "4"]
[White "Aldokhin, Ivan"]
[Black "Ogloblin, Nikolay"]
[Result "1-0"]
[WhiteElo "2413"]
[BlackElo "2346"]
[PlyCount "53"]
[EventDate "2021.09.18"]
[EventType "swiss (blitz)"]
[EventRounds "10"]
[EventCountry "USA"]
[SourceTitle "CBM 204 Extra"]
[Source "ChessBase"]
[SourceDate "2021.11.30"]
[SourceVersion "1"]
[SourceVersionDate "2021.11.30"]
[SourceQuality "1"]

1. e4 c5 2. Nf3 e6 3. d4 cxd4 4. Nxd4 a6 5. Nc3 Qc7 6. Bd3 Nf6 7. Qe2 Bc5 8. Nb3 Be7 9. Bd2 d6 10. 0-0 Nc6 11. f4 0-0 12. a4 b6 13. Rae1 Bb7 14. g4 Nd7 15. g5 Nc5 16. Nxc5 bxc5 17. f5 Rfe8 18. fxe6 fxe6 19. e5 Nxe5 20. Bxh7+ Kxh7 21. Qh5+ Kg8 22. Rxe5 dxe5 23. g6 Bf6 24. Qh7+ Kf8 25. Rxf6+ gxf6 26. Bh6+ Qg7 27. Qxg7# 1-0

[Event "Speed Chess GP1"]
[Site "Chess.com INT"]
[Date "2021.09.18"]
[Round "2"]
[White "Ogloblin, Nikolay"]
[Black "De Silva, LMST"]
[Result "1-0"]
[WhiteElo "2346"]
[BlackElo "2085"]
[PlyCount "113"]
[EventDate "2021.09.18"]
[EventType "swiss (blitz)"]
[EventRounds "10"]
[EventCountry "USA"]
[SourceTitle "CBM 204 Extra"]
[Source "ChessBase"]
[SourceDate "2021.11.30"]
[SourceVersion "1"]
[SourceVersionDate "2021.11.30"]
[SourceQuality "1"]

1. d4 Nf6 2. Nf3 e6 3. c4 b6 4. Bf4 Bb7 5. e3 g6 6. Nc3 Bg7 7. Bd3 0-0 8. h3 d6 9. 0-0 Nbd7 10. Bh2 Qe7 11. e4 e5 12. d5 Nh5 13. Re1 Nf4 14. Bf1 g5 15. Nd2 h6 16. g3 Ng6 17. Bg2 Nf6 18. Nf1 Bc8 19. Ne3 Bd7 20. Nf5 Qd8 21. Qc2 Ne7 22. Nd1 Bxf5 23. exf5 Qd7 24. Ne3 Rfc8 25. g4 Ne8 26. Rad1 a6 27. Bg3 Bf6 28. Be4 b5 29. c5 dxc5 30. Qxc5 Nd6 31. Bg2 e4 32. b3 a5 33. Rc1 b4 34. Nc4 Bc3 35. Red1 Nxc4 36. Qxc4 a4 37. Qxe4 axb3 38. axb3 Re8 39. Qc4 Ra7 40. Rxc3 bxc3 41. Qxc3 Nc8 42. Be5 Rxe5 43. Qxe5 Nd6 44. f6 Ra8 45. Rc1 Re8 46. Qc3 Qd8 47. Bf3 Ne4 48. Bxe4 Rxe4 49. Qxc7 Qxf6 50. d6 Re2 51. Qc8+ Kg7 52. Qc3 Re5 53. Rd1 Re8 54. d7 Qxc3 55. dxe8Q Qxh3 56. Qe5+ Kh7 57. Qg3 1-0